Tennis - Les Joueurs Français dans le Top 200 - Statistiques

Statistiques générales
  • Ce quiz a été pris 614 fois
    392 depuis la dernière actualisation
  • Le résultat moyen est 13 sur 25
Statistiques - réponses
Classement ATP Joueur % Correct
34 Arthur Fils
97%
40 Gaël Monfils
97%
16 Ugo Humbert
96%
22 Adrian Mannarino
84%
55 Corentin Moutet
80%
59 Giovanni Mpetshi-Perricard
78%
70 Hugo Gaston
76%
68 Arthur Rinderknech
72%
126 Richard Gasquet
69%
98 Arthur Cazaux
68%
152 Benjamin Bonzi
63%
103 Alexandre Muller
61%
101 Luca Van Assche
52%
140 Pierres-Hugues Herbert
48%
159 Benoît Paire
47%
125 Terence Atmane
38%
113 Harold Mayot
34%
90 Constant Lestienne
33%
105 Grégoire Barrère
28%
133 Titouan Droguet
27%
186 Hugo Grenier
21%
160 Ugo Blanchet
20%
200 Calvin Hémery
14%
195 Enzo Couacaud
12%
171 Mattéo Martineau
11%
Aucun quiz correspondant
Distribution des résultats
% des personnes avec chaque résultat
Percentile par nombre de réponses
Votre historique - résultats
Vous n’avez pas pris ce quiz depuis la dernière actualisation